1962 1022 1774 1796 1048 1731 1702 1684 1191 1293 1121 1710 1793 1647 1079 1141 1546 1549 1043 1493 1387 1629 1097 1970 1829 1966 1442 1942 1954 1749 1315 1073 1054 1181 1967 1189 1899 1442 1129 1285 1675 1909 1925 1351 1438 1912 1992 1615 1606 1144 1471 1926 1151 1366 1780 1239 1902 1571 1999 1706 1023 1190 1601 1060 1601 1780 1537 1441 1073 1970 1458 1308 1357 1187 1802 1792 1509 1840 1787 1317 1103 1460 1802 1329 1709 1729 1509 1528 1917 1221 1607 1543 1996 1225 1281 1171 1639 1025 1534 BCNSPRNW ULIB Ver.6.0+V

เปลี่ยนเป็นภาษาไทย

Change to English
 แสดงรายละเอียดบรรณานุกรม
  กลับหน้าหลัก

Brief Record : Get Marc (ISO 2709) : E-mail record : QR code < ปิดหน้าต่าง
LEADER : 00000nam 2200000uu 4500
001    13399109543
003     ULIB
008    110404s2550||||th 000 0 tha d
020    9789747743067
060 04 WB327^bพ786ร 2550
245 00 รู้ทันโรค =^bAll about diseases/^cพิสุทธิพร ฉ่ำใจ, บก. เรียบเรียง
246 31 All about diseases
250    พิมพ์ครั้งที่ 1
260    กรุงเทพฯ :^bต้นธรรม,^c2550
300    272 หน้า :^bภาพประกอบ
650  7 การดูแลสุขภาพตนเอง
650  7 โรคและความผิดปกติ
650  7 อาการเจ็บป่วย
700 0  พิสุทธิพร ฉ่ำใจ,^eบรรณาธิการ
945    ^p190^l0^i021708
995    ทศพร
999 ^a ใช้งานได้ทุกระบบ
รายการนี้ยังไม่มีแท็ก
คุณยังไม่ได้ล็อกอิน คุณสามารถมีกิจกรรมร่วมกับเว็บไซต์ได้ แต่ต้องล็อกอินก่อน ::
  ล็อกอิน

รายการสื่อสารสนเทศ

ลำดับที่ ประเภท เลขเรียก/บาร์โค้ด สถานที่ สถานะ
- ไม่พบข้อมูล -

รายการใกล้เคียง
    หัวเรื่อง [การดูแลสุขภาพตนเอง]
    หัวเรื่อง [โรคและความผิดปกติ]
    หัวเรื่อง [อาการเจ็บป่วย]

BibComment


ยังไม่เคยถูกคอมเมนท์

คอมเมนท์ทรัพยากรรายการนี้
  คอมเมนท์: รู้ทันโรค All ab..


 Copyright 2026. Bcnsprnw @Library